| 000 | 00486nam a2200157 i 4500 | ||
|---|---|---|---|
| 001 | 32317 | ||
| 003 | ES-MaACL | ||
| 005 | 20230906154542.0 | ||
| 007 | t| | ||
| 008 | 030131s1906 xxk ||||1| eng d | ||
| 100 | 1 |
_aBenn, Alfred William. _927724 |
|
| 245 | 1 | 4 |
_aThe history of english rationalism in the nineteenth century / _cby Alfred William Benn. |
| 260 |
_aLondon : _bLongmans, Green and Co, _c1906 ( _fWilliam Clowes) |
||
| 300 |
_a2 t. ; _c23 cm. |
||
| 852 |
_aES-MaACL _jC-1176-77 |
||
| 999 |
_c32317 _d32317 |
||